[Event "Padova del Santo op-A 6th"]
[Site "Padova"]
[Date "2019.02.16"]
[Round "3.1"]
[White "Baruscotti, Mauro"]
[Black "Grimaldi, Angela Flavia"]
[Result "1-0"]
[WhiteElo "1869"]
[BlackElo "1906"]
[PlyCount "67"]
[EventDate "2019.02.15"]
[EventType "swiss"]
[EventRounds "5"]
[EventCountry "ITA"]
[SourceTitle "EXT 2024"]
[Source "ChessBase"]
[SourceDate "2023.10.10"]
[SourceVersion "1"]
[SourceVersionDate "2023.10.10"]
[SourceQuality "1"]

1. d4 Nf6 2. e3 d5 3. f4 c5 4. c3 g6 5. Bd3 Bg7 6. Nf3 Nc6 7. Nbd2 0-0 8. Ne5 Nd7 9. 0-0 Ndxe5 10. fxe5 f6 11. exf6 Bxf6 12. e4 cxd4 13. exd5 dxc3 14. Ne4 Bd4+ 15. Kh1 cxb2 16. Rb1 bxc1Q 17. Rxc1 Ne5 18. Bc2 Rxf1+ 19. Qxf1 Nf7 20. Bb3 Nd6 21. Rd1 Bg7 22. Ng5 Bf5 23. Qf4 Bf6 24. Ne6 Bxe6 25. dxe6 Kg7 26. h4 Qa5 27. g4 Qe5 28. Qf3 Bxh4 29. Rf1 Bf6 30. Kg2 Rc8 31. Rf2 Rc3 32. Qf4 Qe4+ 33. Kg1 Bd4 34. Qf8# 1-0